[Event "Titled Tuesday intern op 16th Jan Late"]
[Site "Chess.com INT"]
[Date "2024.01.16"]
[Round "7"]
[White "Mirza, Diana"]
[Black "Sabar, Ethmane Daouda"]
[Result "0-1"]
[WhiteElo "1900"]
[BlackElo "2040"]
[PlyCount "80"]
[EventDate "2024.01.16"]
[EventType "swiss (blitz)"]
[EventRounds "11"]
[EventCountry "USA"]
[SourceTitle "CB04_2024"]
[SourceDate "2023.10.16"]
[SourceVersion "1"]
[SourceVersionDate "2023.10.16"]
[SourceQuality "1"]

1. d4 d5 2. Nf3 e6 3. e3 c5 4. b3 cxd4 5. exd4 Nf6 6. Bd3 Bd6 7. 0-0 h6 8. Bb2 0-0 9. Ne5 Nc6 10. a3 Qc7 11. f4 b6 12. Nd2 Bb7 13. g4 Ne7 14. g5 hxg5 15. fxg5 Ne4 16. Rf4 Ng6 17. Nxe4 dxe4 18. Rxe4 Bxe4 19. Bxe4 Bxe5 20. dxe5 Rad8 21. Qh5 Qc5+ 22. Kg2 Rd2+ 23. Kh1 Qe3 24. Qf3 Qxg5 25. Rg1 Qh4 26. Rg2 Rfd8 27. Bd3 Rxg2 28. Qxg2 Nf4 29. Qg3 Qxg3 30. hxg3 Nxd3 31. cxd3 Rxd3 32. Kg1 Rxb3 33. Bc1 Rxg3+ 34. Kf2 Rc3 35. Be3 Rxa3 36. Kf3 Ra2 37. Ke4 b5 38. Bc5 b4 39. Bxb4 Ra4 40. Kd3 Rxb4 0-1

[Event "Titled Tuesday intern op 16th Jan Late"]
[Site "Chess.com INT"]
[Date "2024.01.16"]
[Round "9"]
[White "Sabar, Ethmane Daouda"]
[Black "Georg, Heinz"]
[Result "0-1"]
[WhiteElo "2040"]
[BlackElo "2105"]
[PlyCount "40"]
[EventDate "2024.01.16"]
[EventType "swiss (blitz)"]
[EventRounds "11"]
[EventCountry "USA"]
[SourceTitle "CB04_2024"]
[SourceDate "2023.10.16"]
[SourceVersion "1"]
[SourceVersionDate "2023.10.16"]
[SourceQuality "1"]

1. b3 f5 2. Bb2 Nf6 3. Bxf6 exf6 4. h4 d5 5. h5 Bd6 6. e3 0-0 7. g3 c5 8. Bd3 Nc6 9. Qf3 Be5 10. c3 Ne7 11. Ne2 d4 12. cxd4 cxd4 13. exd4 Bxd4 14. Nbc3 Be6 15. Rd1 Bb6 16. Kf1 Rf7 17. Rh4 g6 18. hxg6 Nxg6 19. Rh5 Ne5 20. Qg2 Qxd3 0-1

[Event "Titled Tuesday intern op 19th Sep Early"]
[Site "Chess.com INT"]
[Date "2023.09.19"]
[Round "3"]
[White "Khromkin, Andrey"]
[Black "Sabar, Ethmane Daouda"]
[Result "1-0"]
[WhiteElo "2191"]
[BlackElo "2040"]
[PlyCount "59"]
[EventDate "2023.09.19"]
[EventType "swiss (blitz)"]
[EventRounds "11"]
[EventCountry "USA"]
[SourceTitle "EXT 2024"]
[Source "ChessBase"]
[SourceDate "2023.10.10"]
[SourceVersion "1"]
[SourceVersionDate "2023.10.10"]
[SourceQuality "1"]

1. d4 d5 2. c4 e6 3. Nc3 c6 4. Nf3 dxc4 5. e4 b5 6. Be2 Bb4 7. 0-0 a5 8. a4 Bxc3 9. bxc3 Nf6 10. Qc2 Bb7 11. Ba3 Nbd7 12. Rab1 Ba6 13. h4 Rb8 14. e5 Nd5 15. Bd6 Rb7 16. Ng5 h6 17. Nxf7 Kxf7 18. Bh5+ Kg8 19. Qg6 Nf8 20. Bxf8 Qxf8 21. Qxe6+ Rf7 22. axb5 Bxb5 23. Rxb5 cxb5 24. Qxd5 g6 25. Bxg6 Kg7 26. Bxf7 Qxf7 27. Qxb5 Ra8 28. Re1 a4 29. e6 Qc7 30. e7 1-0

[Event "Titled Tuesday intern op 19th Sep Early"]
[Site "Chess.com INT"]
[Date "2023.09.19"]
[Round "5"]
[White "Sabar, Ethmane Daouda"]
[Black "Karas, Marek"]
[Result "0-1"]
[WhiteElo "2040"]
[BlackElo "2208"]
[PlyCount "58"]
[EventDate "2023.09.19"]
[EventType "swiss (blitz)"]
[EventRounds "11"]
[EventCountry "USA"]
[SourceTitle "EXT 2024"]
[Source "ChessBase"]
[SourceDate "2023.10.10"]
[SourceVersion "1"]
[SourceVersionDate "2023.10.10"]
[SourceQuality "1"]

1. b3 d5 2. Bb2 Bg4 3. h3 Bh5 4. g3 Nc6 5. Bg2 e5 6. g4 Bg6 7. Nf3 Bd6 8. e3 Qe7 9. d3 Nf6 10. Nbd2 0-0 11. Qe2 e4 12. Nd4 Nxd4 13. Bxd4 exd3 14. cxd3 c6 15. 0-0 Nd7 16. Nf3 f5 17. g5 f4 18. Rfe1 Bh5 19. exf4 Qxe2 20. Rxe2 Rxf4 21. Re6 Bf8 22. Be3 Rxf3 23. Bxf3 Bxf3 24. Bf4 Bh5 25. Rae1 Nc5 26. R6e3 Bg6 27. d4 Nd3 28. Bg3 Nxe1 29. Rxe1 Re8 0-1

[Event "Titled Tuesday intern op 05th Sep Late"]
[Site "Chess.com INT"]
[Date "2023.09.05"]
[Round "4"]
[White "Czerw, Dawid"]
[Black "Sabar, Ethmane Daouda"]
[Result "0-1"]
[WhiteElo "2400"]
[BlackElo "2040"]
[PlyCount "144"]
[EventDate "2023.09.05"]
[EventType "swiss (blitz)"]
[EventRounds "11"]
[EventCountry "USA"]
[SourceTitle "EXT 2024"]
[Source "ChessBase"]
[SourceDate "2023.10.10"]
[SourceVersion "1"]
[SourceVersionDate "2023.10.10"]
[SourceQuality "1"]

1. e4 c5 2. Nf3 Nc6 3. d4 cxd4 4. Nxd4 e5 5. Nb5 a6 6. Nd6+ Bxd6 7. Qxd6 Qf6 8. Qxf6 Nxf6 9. Bd3 d5 10. exd5 Nb4 11. Nc3 Nxd3+ 12. cxd3 Bf5 13. Ke2 h6 14. f4 exf4 15. Bxf4 0-0 16. h3 Rad8 17. d6 Rfe8+ 18. Kd2 b5 19. a3 Re6 20. Rhe1 Ne8 21. Nd5 Kh8 22. Rxe6 Bxe6 23. Nc7 Nxd6 24. Nxa6 Nc4+ 25. Kc3 Nb6 26. Nb4 Na4+ 27. Kc2 Rc8+ 28. Kd2 Nxb2 29. Rb1 Na4 30. Nc2 Nc3 31. Re1 Bb3 32. Nd4 Be6 33. Rc1 Nd5 34. Rxc8+ Bxc8 35. Bd6 Bd7 36. Ke2 Kg8 37. Kf3 f6 38. Ke4 Nc3+ 39. Kf4 Kf7 40. Bb4 g5+ 41. Kg3 Nd5 42. Nc2 Nf4 43. d4 Ne2+ 44. Kf2 Nf4 45. Ne3 Ke6 46. Kf3 f5 47. h4 Ng6 48. hxg5 hxg5 49. g3 g4+ 50. Kf2 Kf6 51. Ke2 Kg5 52. Ng2 f4 53. gxf4+ Nxf4+ 54. Kf2 Nd3+ 55. Kg3 Nxb4 56. axb4 Kf5 57. Ne3+ Ke4 58. Nc2 Kd3 59. Ne1+ Kxd4 60. Ng2 Kc4 61. Nf4 Kxb4 62. Nd5+ Kc5 63. Nf6 Bf5 64. Kf4 Bc8 65. Ne4+ Kb4 66. Nd6 Bd7 67. Ke5 Ka4 68. Ne4 b4 69. Nc5+ Ka3 70. Nxd7 g3 71. Kd6 g2 72. Nc5 g1Q 0-1

[Event "Titled Tuesday intern op 05th Sep Early"]
[Site "Chess.com INT"]
[Date "2023.09.05"]
[Round "10"]
[White "De Souza, Arthur Olintho"]
[Black "Sabar, Ethmane Daouda"]
[Result "1-0"]
[WhiteElo "2113"]
[BlackElo "2040"]
[PlyCount "81"]
[EventDate "2023.09.05"]
[EventType "swiss (blitz)"]
[EventRounds "11"]
[EventCountry "USA"]
[SourceTitle "EXT 2024"]
[Source "ChessBase"]
[SourceDate "2023.10.10"]
[SourceVersion "1"]
[SourceVersionDate "2023.10.10"]
[SourceQuality "1"]

1. e4 c5 2. Nc3 Nc6 3. Nge2 e5 4. Ng3 d6 5. Bc4 Nf6 6. d3 h6 7. 0-0 Be7 8. f4 Bg4 9. Qe1 Nd4 10. Qf2 Nd7 11. fxe5 Nxe5 12. Be3 Bf6 13. Nd5 Nxc4 14. Nxf6+ Qxf6 15. Bxd4 Qxd4 16. Qxd4 cxd4 17. dxc4 Be2 18. Rfe1 Bxc4 19. Nf5 0-0 20. Rad1 Be6 21. Nxd4 Rac8 22. b3 d5 23. exd5 Bxd5 24. Nf5 Be6 25. Ne7+ Kh7 26. Nxc8 Rxc8 27. c4 Kg6 28. g3 h5 29. Rd6 Kf5 30. Kf2 g5 31. Red1 h4 32. gxh4 gxh4 33. R1d4 h3 34. Kg3 Rh8 35. Rd8 Rh6 36. Rb8 Ke5 37. Rd2 Rg6+ 38. Kf3 Bg4+ 39. Ke3 Rf6 40. Rd5+ Ke6 41. Re8# 1-0

[Event "Titled Tuesday intern op 05th Sep Early"]
[Site "Chess.com INT"]
[Date "2023.09.05"]
[Round "7"]
[White "Sabar, Ethmane Daouda"]
[Black "Amanov, Zhanibek"]
[Result "1-0"]
[WhiteElo "2040"]
[BlackElo "2283"]
[PlyCount "77"]
[EventDate "2023.09.05"]
[EventType "swiss (blitz)"]
[EventRounds "11"]
[EventCountry "USA"]
[SourceTitle "EXT 2024"]
[Source "ChessBase"]
[SourceDate "2023.10.10"]
[SourceVersion "1"]
[SourceVersionDate "2023.10.10"]
[SourceQuality "1"]

1. b3 b6 2. Bb2 Bb7 3. e3 e6 4. f4 f5 5. Nf3 Nf6 6. Be2 Be7 7. 0-0 0-0 8. h3 h6 9. d3 d6 10. Re1 Re8 11. Nbd2 Nbd7 12. Nf1 Nf8 13. Ng3 Ng6 14. Qd2 Qd7 15. e4 fxe4 16. dxe4 Nxe4 17. Nxe4 Bxe4 18. Rad1 Rf8 19. Qd4 Bf6 20. Qxe4 Bxb2 21. Qxg6 Rxf4 22. Bd3 Raf8 23. Rxe6 Bf6 24. Rde1 Be5 25. Nxe5 dxe5 26. R1xe5 Rf1+ 27. Bxf1 Qd4+ 28. Re3 Qf4 29. Bc4 Qf2+ 30. Kh2 Qf4+ 31. Qg3 Qxg3+ 32. Rxg3 Kh8 33. Re7 b5 34. Rgxg7 Rf7 35. Rexf7 bxc4 36. bxc4 h5 37. Rxc7 h4 38. Rgd7 Kg8 39. Rc8# 1-0

[Event "Titled Tuesday intern op 05th Sep Early"]
[Site "Chess.com INT"]
[Date "2023.09.05"]
[Round "4"]
[White "Sabar, Ethmane Daouda"]
[Black "Carroll, Thomas"]
[Result "0-1"]
[WhiteElo "2040"]
[BlackElo "2048"]
[PlyCount "58"]
[EventDate "2023.09.05"]
[EventType "swiss (blitz)"]
[EventRounds "11"]
[EventCountry "USA"]
[SourceTitle "EXT 2024"]
[Source "ChessBase"]
[SourceDate "2023.10.10"]
[SourceVersion "1"]
[SourceVersionDate "2023.10.10"]
[SourceQuality "1"]

1. b3 d5 2. Bb2 c6 3. e3 Bf5 4. f4 Nf6 5. Nf3 e6 6. Be2 Nbd7 7. 0-0 h6 8. d3 Be7 9. h3 0-0 10. Nbd2 a5 11. a3 a4 12. b4 c5 13. g4 Bh7 14. Ne5 Nxe5 15. fxe5 Nd7 16. bxc5 Nxc5 17. d4 Ne4 18. Nxe4 Bxe4 19. Bd3 Rc8 20. Bxe4 dxe4 21. Rf4 Qd5 22. Qe2 Rc6 23. Rc1 Bg5 24. Rf2 Rfc8 25. c3 Rb6 26. c4 Qd7 27. c5 Rb3 28. Rc3 Qd5 29. Bc1 Rxc3 0-1

[Event "Titled Tuesday intern op 05th Sep Early"]
[Site "Chess.com INT"]
[Date "2023.09.05"]
[Round "9"]
[White "Sabar, Ethmane Daouda"]
[Black "Korol, Dimitry"]
[Result "1-0"]
[WhiteElo "2040"]
[BlackElo "2287"]
[PlyCount "55"]
[EventDate "2023.09.05"]
[EventType "swiss (blitz)"]
[EventRounds "11"]
[EventCountry "USA"]
[SourceTitle "EXT 2024"]
[Source "ChessBase"]
[SourceDate "2023.10.10"]
[SourceVersion "1"]
[SourceVersionDate "2023.10.10"]
[SourceQuality "1"]

1. b3 c5 2. Bb2 Nc6 3. e3 d6 4. f4 e5 5. fxe5 dxe5 6. Nf3 Bd6 7. Bb5 f6 8. 0-0 Nge7 9. Bc4 Na5 10. Qe2 Nxc4 11. Qxc4 Nc6 12. d4 Qe7 13. dxe5 Nxe5 14. Nxe5 Bxe5 15. Bxe5 Qxe5 16. Nc3 Be6 17. Qb5+ Bd7 18. Qxb7 Rb8 19. Qxa7 0-0 20. Qxd7 Qxe3+ 21. Kh1 Qxc3 22. Qd5+ Kh8 23. Qd3 Qb2 24. a4 Rfd8 25. Qc4 Rbc8 26. a5 Qe5 27. a6 h6 28. a7 1-0

[Event "Titled Tuesday intern op 08th Aug Late"]
[Site "Chess.com INT"]
[Date "2023.08.08"]
[Round "7"]
[White "Sabar, Ethmane Daouda"]
[Black "Negron Lizarazo, Juan Sebastian"]
[Result "0-1"]
[WhiteElo "2040"]
[BlackElo "1689"]
[PlyCount "74"]
[EventDate "2023.08.08"]
[EventType "swiss (blitz)"]
[EventRounds "11"]
[EventCountry "USA"]
[SourceTitle "EXT 2024"]
[Source "ChessBase"]
[SourceDate "2023.10.10"]
[SourceVersion "1"]
[SourceVersionDate "2023.10.10"]
[SourceQuality "1"]

1. b3 d5 2. Bb2 Nc6 3. e3 e5 4. Bb5 Bd7 5. Bxc6 Bxc6 6. Bxe5 f6 7. Bb2 d4 8. Bxd4 Bxg2 9. Nf3 Bxh1 10. Qe2 Bxf3 11. Qxf3 c6 12. Nc3 Ne7 13. Ne4 Ng6 14. Nxf6+ gxf6 15. Bxf6 Qd5 16. e4 Qf7 17. Qc3 Rg8 18. 0-0-0 Be7 19. e5 Nf4 20. Bxe7 Qxe7 21. Qc4 Nd5 22. Qa4 a6 23. c4 Qb4 24. cxd5 Qxa4 25. bxa4 cxd5 26. d4 Ke7 27. f4 Rgc8+ 28. Kd2 Rc4 29. Ke3 Rxa4 30. f5 Rxa2 31. f6+ Ke6 32. Rc1 Ra3+ 33. Ke2 Rg8 34. Rc7 Rg2+ 35. Kf1 Rxh2 36. Re7+ Kf5 37. Kg1 Rd2 0-1

[Event "Titled Tuesday intern op 28th Mar Early"]
[Site "Chess.com INT"]
[Date "2023.03.28"]
[Round "8"]
[White "Fernandez Siles, Luis"]
[Black "Sabar, Ethmane Daouda"]
[Result "1-0"]
[WhiteElo "2210"]
[BlackElo "2040"]
[PlyCount "21"]
[EventDate "2023.03.28"]
[EventType "swiss (blitz)"]
[EventRounds "11"]
[EventCountry "USA"]
[SourceTitle "EXT 2024"]
[Source "ChessBase"]
[SourceDate "2023.10.10"]
[SourceVersion "1"]
[SourceVersionDate "2023.10.10"]
[SourceQuality "1"]

1. e4 c5 2. Nf3 Nc6 3. Bb5 e5 4. c3 d6 5. d4 cxd4 6. cxd4 Bd7 7. Nc3 Nge7 8. 0-0 a6 9. Bc4 h6 10. Qb3 Qc7 11. Bxf7+ 1-0

[Event "Titled Tuesday intern op 28th Mar Early"]
[Site "Chess.com INT"]
[Date "2023.03.28"]
[Round "5"]
[White "Sabar, Ethmane Daouda"]
[Black "Crocker, Philip J"]
[Result "1-0"]
[WhiteElo "2040"]
[BlackElo "2149"]
[PlyCount "79"]
[EventDate "2023.03.28"]
[EventType "swiss (blitz)"]
[EventRounds "11"]
[EventCountry "USA"]
[SourceTitle "EXT 2024"]
[Source "ChessBase"]
[SourceDate "2023.10.10"]
[SourceVersion "1"]
[SourceVersionDate "2023.10.10"]
[SourceQuality "1"]

1. d4 f5 2. e4 fxe4 3. Nc3 Nf6 4. Bg5 Nc6 5. d5 Ne5 6. Bxf6 exf6 7. Nxe4 f5 8. Ng3 Bc5 9. Be2 0-0 10. Qd2 d6 11. Nh3 b5 12. 0-0 Bd7 13. b3 Qh4 14. Nf4 Ng4 15. Bxg4 fxg4 16. Ne6 Rf6 17. Nxc5 Rh6 18. Rfe1 Qxh2+ 19. Kf1 dxc5 20. Qf4 Rf8 21. Qxc7 Qxg3 22. Qxg3 Rhf6 23. Re2 c4 24. Rae1 h5 25. Qc7 Bf5 26. Re7 Rg6 27. d6 g3 28. f3 h4 29. bxc4 h3 30. Kg1 hxg2 31. d7 Rh6 32. d8Q Rh1+ 33. Kxg2 Rh2+ 34. Kxg3 Rh3+ 35. Kf4 Rh4+ 36. Ke5 Rxd8 37. Qxd8+ Kh7 38. Rxg7+ Kxg7 39. Rg1+ Kh6 40. Qxh4# 1-0

[Event "Titled Tuesday intern op 21st Mar Late"]
[Site "Chess.com INT"]
[Date "2023.03.21"]
[Round "1"]
[White "Sabar, Ethmane Daouda"]
[Black "Sielecki, Christof"]
[Result "0-1"]
[WhiteElo "2040"]
[BlackElo "2422"]
[PlyCount "60"]
[EventDate "2023.03.21"]
[EventType "swiss (blitz)"]
[EventRounds "11"]
[EventCountry "USA"]
[SourceTitle "EXT 2024"]
[Source "ChessBase"]
[SourceDate "2023.10.10"]
[SourceVersion "1"]
[SourceVersionDate "2023.10.10"]
[SourceQuality "1"]

1. b3 d5 2. Bb2 c5 3. e3 Nf6 4. f4 g6 5. Bxf6 exf6 6. d4 Nc6 7. Nf3 Bd6 8. Be2 0-0 9. 0-0 Re8 10. c4 Rxe3 11. dxc5 Bxc5 12. Kh1 d4 13. Nfd2 d3 14. Bf3 Qd4 15. Ne4 Rxe4 16. Bxe4 Qxe4 17. Nc3 Qf5 18. Nd5 Be6 19. b4 Bxd5 20. cxd5 Nxb4 21. Rc1 Qxd5 22. Rf3 Re8 23. Qa4 Re4 24. Rd1 d2 25. a3 Re1+ 26. Rf1 Nd3 27. Rfxe1 dxe1Q+ 28. Rxe1 Nxe1 29. Qe8+ Kg7 30. Qxe1 Bxa3 0-1

[Event "Titled Tuesday intern op 21st Mar Early"]
[Site "Chess.com INT"]
[Date "2023.03.21"]
[Round "5"]
[White "Sabar, Ethmane Daouda"]
[Black "Tanmay, Jain"]
[Result "0-1"]
[WhiteElo "2040"]
[BlackElo "2132"]
[PlyCount "66"]
[EventDate "2023.03.21"]
[EventType "swiss (blitz)"]
[EventRounds "11"]
[EventCountry "USA"]
[SourceTitle "EXT 2024"]
[Source "ChessBase"]
[SourceDate "2023.10.10"]
[SourceVersion "1"]
[SourceVersionDate "2023.10.10"]
[SourceQuality "1"]

1. e4 c6 2. d4 g6 3. Nc3 Bg7 4. Be3 d5 5. f3 e6 6. Qd2 b6 7. 0-0-0 Bb7 8. Nge2 Nd7 9. Kb1 Qe7 10. e5 0-0-0 11. Bg5 f6 12. exf6 Bxf6 13. Bxf6 Ngxf6 14. Nf4 e5 15. dxe5 Nxe5 16. Re1 Qd6 17. Bd3 Rhe8 18. h3 Kb8 19. Re2 a6 20. Rhe1 c5 21. Rf2 c4 22. Bf1 d4 23. Ne4 Nxe4 24. fxe4 Qc5 25. Nd5 c3 26. bxc3 Bxd5 27. exd5 dxc3 28. Qf4 Rxd5 29. Ka1 Red8 30. Bd3 Qa3 31. Rb1 Ra5 32. Bc4 Rd1 33. Rf1 Qb2# 0-1

[Event "Titled Tuesday intern op 21st Mar Early"]
[Site "Chess.com INT"]
[Date "2023.03.21"]
[Round "4"]
[White "Valle, Luis E"]
[Black "Sabar, Ethmane Daouda"]
[Result "1/2-1/2"]
[WhiteElo "2229"]
[BlackElo "2040"]
[PlyCount "110"]
[EventDate "2023.03.21"]
[EventType "swiss (blitz)"]
[EventRounds "11"]
[EventCountry "USA"]
[SourceTitle "EXT 2024"]
[Source "ChessBase"]
[SourceDate "2023.10.10"]
[SourceVersion "1"]
[SourceVersionDate "2023.10.10"]
[SourceQuality "1"]

1. e4 c5 2. Nf3 Nc6 3. d4 cxd4 4. Nxd4 Nf6 5. Nc3 e5 6. Ndb5 d6 7. Bg5 a6 8. Na3 b5 9. Bxf6 gxf6 10. Nd5 Bg7 11. c4 b4 12. Nc2 0-0 13. Be2 a5 14. b3 f5 15. f3 fxe4 16. 0-0 exf3 17. Bxf3 Bb7 18. Be4 Qh4 19. Qd3 f5 20. Bxf5 e4 21. Qxe4 Qxe4 22. Bxe4 Bxa1 23. Rxa1 Rae8 24. Bf3 Ne5 25. Nf6+ Rxf6 26. Bxb7 Nd3 27. Bd5+ Kg7 28. a3 Re2 29. Nd4 Rd2 30. axb4 axb4 31. h3 Nf4 32. Ra7+ Kh6 33. Nf3 Rxg2+ 34. Kf1 Rb2 35. Be4 Ng6 36. h4 Rxb3 37. Kg2 Rb2+ 38. Kg3 Rb3 39. h5 Rbxf3+ 40. Bxf3 Ne5 41. Be4 Kxh5 42. Rxh7+ Kg5 43. Rg7+ Ng6 44. Rb7 Re6 45. Rb5+ Kf6 46. Bxg6 Kxg6 47. Rxb4 Kf6 48. Kf4 Re1 49. Rb5 Ke6 50. Rd5 Rf1+ 51. Ke4 Re1+ 52. Kd4 Rd1+ 53. Ke4 Re1+ 54. Kd4 Rd1+ 55. Ke4 Re1+ 1/2-1/2

[Event "Titled Tuesday intern op 14th Mar Late"]
[Site "Chess.com INT"]
[Date "2023.03.14"]
[Round "3"]
[White "Estrada Nieto, Julian"]
[Black "Sabar, Ethmane Daouda"]
[Result "1-0"]
[WhiteElo "2217"]
[BlackElo "2040"]
[PlyCount "83"]
[EventDate "2023.03.14"]
[EventType "swiss (blitz)"]
[EventRounds "11"]
[EventCountry "USA"]
[SourceTitle "EXT 2024"]
[Source "ChessBase"]
[SourceDate "2023.10.10"]
[SourceVersion "1"]
[SourceVersionDate "2023.10.10"]
[SourceQuality "1"]

1. e4 c5 2. Nf3 Nc6 3. Bb5 e5 4. c3 d6 5. 0-0 Bd7 6. d4 cxd4 7. cxd4 Qc7 8. Nc3 a6 9. Ba4 Nf6 10. Bg5 b5 11. Bb3 Nxd4 12. Nxd4 exd4 13. Bxf6 dxc3 14. Bxc3 Be7 15. Rc1 Qd8 16. Bxg7 Rg8 17. Qd4 Rc8 18. Rxc8 Qxc8 19. Bf6 Bh3 20. g3 Bxf1 21. Kxf1 Qc1+ 22. Kg2 Rg6 23. Bxe7 Kxe7 24. Qa7+ Kd8 25. Bxf7 Rf6 26. Bd5 Qxb2 27. Qb6+ Ke7 28. Qc7+ Kf8 29. Qd8+ Kg7 30. Qc7+ Kh6 31. Qa7 Qd2 32. Bg8 Kg5 33. Bxh7 Rxf2+ 34. Qxf2 Qxf2+ 35. Kxf2 a5 36. Ke3 a4 37. Bg8 b4 38. Bd5 b3 39. axb3 axb3 40. Bxb3 Kg4 41. Kd4 Kg5 42. Bd5 1-0